000 00836nam a22002297a 4500
999 _c19684
_d19684
003 AR-CdUCM
008 190520b ||||| |||| 00| 0 spa d
040 _aMUNICIPALIDAD PROVINCIAL DEL CUSCO
_cBIBLIOTECA MUNICIPAL DEL CUSCO
082 _a330.1 /
_bST894
100 _aStrachey, John
_941173
245 _aEl capitalismo contemporáneo /
260 _aMéxico :
_bFondo de Cultura Económica,
_c1960.
300 _a323 páginas ;
_c22 cm.
440 _aSección de obras de economía
_96499
505 _aContenido: Método y propósito del estudio -- La nueva etapa del capitalismo -- Los economistas del valor...
650 _aCapitalismo
_93221
650 _aDemocracia
_92598
650 _aEconomía
_9382
700 _aGonzáles Aramburu, Francisco (traducción)
_941174
942 _2ddc
_cLIBROS
945 _adavv
_d2019-05-20